00501nam a22001457a 450000500170000001000150001702000300003203500140006203700130007608200080008924500810009726000610017827000770023930000390031620210225142857.0 aENG-129062 c499.00a978-0-7537-3347-9 aEN-112594 bDBAD/PUB a920 aWomen Who Changed the World: The Most Remarkable Women of the Last 100 Years aGurugrambHachette Book Publishing India Pvt. Ltd.c2019 bGurugrama4th/5th Floors, Corporate Centre, Plot No- 94, Sec- 44e122003 a192p.c22cm(hbk)bIncluding Index.